quel bail - Statistics

General Stats
  • This quiz has been taken 4 times
  • The average score is 8 of 15
Answer Stats
Frage Antwort % Correct
When did WWI start? 1914
100%
When did WWII end? 1945
100%
Which famous president was assassinated in a theatre? Abraham Lincoln
100%
Who was murdered 44 A.D.? Gauis Julius Caesar
75%
Who ruled France in 1800? Napoleon
75%
Who conquered Ukraine? Russia
75%
Which country is the newest? South Sudan
75%
Who was the first to sail the world? Ferdinand Magellan
50%
When did 9/11 happen? 11th September 2001
25%
Who’s considered the “Father of Chemistry“? Antoine Lavoisier
25%
Who invented the car? Carl Benz
25%
Who killed John F. Kennedy? Lee Harvey Oswald / CIA
25%
Gaddafi was the leader of which country? Libya
25%
What Zimbabwean President led to the Inflation of the Zimbabwean Dollar? Robert Mugabe
25%
Who initiated the crusades? Urban II.
25%
No matching quizzes found
Score Distribution
Percent of People with Each Score
Percentile by Number Answered
Your Score History
You have not taken this quiz